00686nam a2200193Ia 4500952014000000999001500140003000400155005001700159008004100176020001800217040000900235082001800244100004700262245006500309260003900374300000900413650002800422942004200450 00102ddc40708RESEARCHaMESbMEScRESEARCHd2019-02-20g1800.00l0o001.42 VER/Qp38031r2019-02-20 00:00:00w2019-02-20yBKzGL20R1 c8089d8089OSt20200113152414.0190216s9999||||xx |||||||||||||| ||und|| a9789350845868 coclc a001.42bVER/Q1 aVerma, Sachin91159c(Human rights writer) 0aQuantitative Methods In Research Techniques /cSachin Verma  bCentrum Press,c2014.aNew Delhi : a294p aQuantitative Techniques cBK2ddch001.42iVER/Qk001.42mVER/Q